| 000 | 01237nac a22003137a 4500 | ||
|---|---|---|---|
| 001 | BR8100075 | ||
| 003 | BR-BrBNA | ||
| 005 | 20240105114855.0 | ||
| 008 | 230509b bl.|||m| |||| 00| 0 por d | ||
| 040 |
_aBR-BrBNA _bpor _cBiblioteca Nacional de Agricultura |
||
| 072 | _aF00 | ||
| 090 | _a1126 BR8100075 | ||
| 100 | 1 | _aVieira, A. | |
| 100 | 1 | _aGadelha, R.S. de S. | |
| 100 | 1 | _aSantos, A.C. dos | |
| 110 | 1 | _aEmpresa de Pesquisa Agropecuaria do Estado do Rio de Janeiro, Niteroi (Brasil) | |
| 245 | 1 | _aEficiencia do ethephon (ethrel)aplicado em plantas de abacaxi, cultivar Smooth cayenne, cultivadas em diferentes locais [Ananas comosus; Floracao; Brasil] | |
| 246 | 1 | _a[Efficiency of the ethephon (ethrel)applied to pineapple plants, Smooth cayenne, cultivar cropped in different sites [Ananas comosus; Blooming; Brazil]] | |
| 260 | 3 |
_aNiteroi, RJ (Brasil): _cMar 1980. |
|
| 300 | _a2 p. | ||
| 490 |
_aComunicado Tecnico - Empresa de Pesquisa Agropecuaria do Estado do Rio de Janeiro (Brazil) _vno. 44 _x |
||
| 650 | _aProducao vegetal | ||
| 650 | _aAbacaxi | ||
| 650 | _aFloracao | ||
| 650 | _aInducao | ||
| 650 | _aElemento quimico | ||
| 909 |
_a202312 _bLúcia Elande _c55 _dLúcia Elande |
||
| 942 |
_2AGRIS _n0 _cMS |
||
| 999 |
_c271795 _d271795 |
||